000 00474nam a2200217Ia 4500
003 OSt
005 20221006151431.0
006 a|||||r|||| 00| 0
007 ta
008 221006b |||||||| |||| 00| 0 jpn d
020 _c4.00
024 _a22,100
037 _cTextual
040 _aEASL
_cEASL
_bjpn
041 _2jpn
_ajpn
245 0 _aRonri shaki (Kotogakko)
300 _a195p.
_ccm.
650 _aJL
942 _cTEXL
_2CC
999 _c1090186
_d1090186